Statistics for 50 States, 50 Cities Quiz #2

Click here to take the quiz!

General Stats

  • This quiz has been taken 14,803 times
  • The average score is 30 of 50

Answer Stats

City State % Correct
LABaton RougeLouisiana
93%
NVRenoNevada
88%
COBoulderColorado
87%
MIAnn ArborMichigan
86%
TXWacoTexas
83%
TNChattanoogaTennessee
80%
WASpokaneWashington
79%
NDFargoNorth Dakota
79%
CTNew HavenConnecticut
78%
OHToledoOhio
77%
NMLos AlamosNew Mexico
77%
INGaryIndiana
77%
AZFlagstaffArizona
77%
FLBoca RatonFlorida
74%
VARoanokeVirginia
70%
PAAllentownPennsylvania
70%
SDSioux FallsSouth Dakota
69%
MEBangorMaine
68%
MSBiloxiMississippi
68%
HIHiloHawaii
66%
MNDuluthMinnesota
65%
MDBethesdaMaryland
64%
ALAuburnAlabama
63%
NCAshevilleNorth Carolina
63%
UTProvoUtah
63%
IACedar RapidsIowa
63%
CAChula VistaCalifornia
62%
GAPeachtree CityGeorgia
60%
WYCasperWyoming
58%
MTBozemanMontana
56%
NYSchenectadyNew York
55%
ORBeavertonOregon
53%
KSDodge CityKansas
52%
NJAsbury ParkNew Jersey
46%
IDCoeur d'AleneIdaho
44%
WISheboyganWisconsin
43%
WVMorgantownWest Virginia
43%
ARBentonvilleArkansas
43%
AKWasillaAlaska
40%
MOHannibalMissouri
40%
ILNapervilleIllinois
39%
DERehoboth BeachDelaware
38%
OKMuskogeeOklahoma
37%
KYPaducahKentucky
37%
RINarragansettRhode Island
35%
NENorth PlatteNebraska
35%
SCSpartanburgSouth Carolina
34%
MABraintreeMassachusetts
33%
VTBrattleboroVermont
31%
NHKeeneNew Hampshire
28%

Score Distribution

Percentile by Number Answered

Percent of People with Each Score

Your Score History

You have not taken this quiz